ნორმალური ფორმატი
MARC ფორმატი
ჩანაწერი Corporate Name
ჩანაწერთა რაოდენობა, რომელიც გამოყენებულია: 1
001 - CONTROL NUMBER
- control field: 16332
003 - CONTROL NUMBER IDENTIFIER
- control field: GE_BSU
005 - DATE AND TIME OF LATEST TRANSACTION
- control field: 20221205095107.0
008 - FIXED-LENGTH DATA ELEMENTS
- fixed length control field: 221205|| aca||aabn | a|a d
040 ## - CATALOGING SOURCE
- Original cataloging agency: GE_BSU
- Transcribing agency: GE_BSU
110 ## - HEADING--CORPORATE NAME
- Corporate name or jurisdiction name as entry element: ბსუ. ინჟინერიისა და მშენებლობის დეპარტამენტი.
670 ## - SOURCE DATA FOUND
- Source citation: Work cat.: (GE_BSU)43730: ქიქავა, თ. 510, მეთოდური მითითებები საკურსო პროექტების შესასრულებლად ფუძე–საძირკვლებში მშენებლობის სპეციალობის სტუდენტებისათვის /
